000 00448nam a2200169Ia 4500
008 230718s9999 xx 000 0 und d
020 _a978-0-470-51941-7
041 _aeng
082 _a621.384
_bCHE
100 _aChen K. C.
_9153649
245 _aMobile Wimax
260 _bJohn Wiley
300 _dRef 1089 E (30467)
365 _cRs.
_b6328.00
700 _aChen K. C. & Marca J. B. D.
_9190121
906 _dB:510415-Jul-2008
_cETC
_b1265.6
999 _c319260
_d319260